| 000 | 01298nac a22002891u 4500 | ||
|---|---|---|---|
| 010 | _a95045237 | ||
| 020 | _a0080421407 | ||
| 082 | 0 | 0 |
_a621.815 _bE372 |
| 090 |
_c1756 _d1756 |
||
| 100 | _a20080729 | ||
| 245 | 1 | 0 |
_aCurrent advances in mechanical design and production VI : _bproceedings of the Sixth Cairo University International MDP Conference, Cairo, 2-4 January 1996 / _cedited by Mohamed E. Elarabi and Abdalla S. Wifi. |
| 250 | _a1st ed. | ||
| 260 |
_aOxford, U.K. ; _aTarrytown, N.Y., U.S.A. : _bPergamon, _c1996. |
||
| 300 |
_axiii, 544 p. : _bill. ; _c24 cm. |
||
| 500 | _aDonations | ||
| 500 | _aDonations - Dr. Mostafa Gouda | ||
| 504 | _aIncludes bibliographical references and indexes. | ||
| 650 | 0 |
_aMachine design _xCongresses. |
|
| 650 | 0 |
_aMaterials _xCongresses. |
|
| 650 | 0 |
_aProduction engineering _xCongresses. |
|
| 700 | 1 | _aElarabi, Mohamed E. | |
| 700 | 1 | _aWifi, Abdalla S. | |
| 856 | 4 | 2 |
_3Publisher description _uhttp://www.loc.gov/catdir/enhancements/fy0601/95045237-d.html |
| 856 | 4 | 2 |
_3Table of contents only _uhttp://www.loc.gov/catdir/enhancements/fy0601/95045237-t.html |
| 942 |
_cBB _k621.815E372 |
||
| 999 |
_c1756 _d1756 |
||